| 000 | 00524nam a2200181 i 4500 | ||
|---|---|---|---|
| 001 | 78332 | ||
| 003 | ES-MaACL | ||
| 005 | 20230906173648.0 | ||
| 007 | t| | ||
| 008 | 041013s1979 sp ||||1| spa d | ||
| 100 | 1 |
_aHassel, Sven. _962051 |
|
| 245 | 1 | 0 |
_aGeneral SS / _cpor Sven Hassel ; [traducción del francés de Domingo Pruna]. |
| 250 | _a[7ª ed.]. | ||
| 260 |
_a[Barcelona] : _bPlaza & Janés, _c[1979] |
||
| 300 |
_a268 p. ; _c20 cm. |
||
| 700 | 1 |
_aPruna, Domingo. _994081 |
|
| 852 |
_aES-MaACL _jC-53651 _bR.100732 |
||
| 999 |
_c78332 _d78332 |
||